000 00524 a2200217 4500
005 20260508102737.0
008 260506b |||||||| |||| 00| 0 eng d
020 _a9788178544113
_cRs. 1450.00
040 _aMAIN
082 _a294.5925
_bG959P
100 _aGupta, Hima
110 _a
245 _aPrachin Bharat mein prayashchit vidhan
260 _bEastern Books
_c2022
_aDelhi
300 _a xl, 367
650 _aReligion
650 _aHinduism
650 _aRituals
650 _aPenance
942 _cBK
999 _c395866
_d395866